000 005050000a22001810004500
020 _a0-449-21616-0
041 0 _aENG
082 0 4 _aG 646.78 K482w
100 1 _aKiley, Dan
245 1 0 _aWhat to do when he won't change : Getting what you need from the man you love / Dan Kiley
260 _aNew York, N.Y., USA : Fawcett Crest
300 _a227 Pag
001 11954
942 _cBK
999 _c41006
_d41006
336 _atexto
_btxt
_2rdacontent
337 _2rdamedia
_asin mediación
_bn
338 _2rdacarrier
_avolumen
_bnc